Movies Quiz

Random Movies or Letter Quiz

Movies by Last 3 Letters Quiz Stats

 Plays Quiz Updated Sep 24, 2017

Also try: 'ing' Movies
Challenge
Share
Tweet
Embed
Score 0/30 Timer 05:00
1 Play Today
Hint Movie % Correct
'TOR'The Terminator
92.1%
'ING'Good Will Hunting
86.5%
'ING'The Shining
81.1%
'TOR'Gladiator
78.6%
'OON'Platoon
74.1%
'ION'Pulp Fiction
70.1%
'ION'The Shawshank Redemption
66.3%
'ION'Inception
62%
'ALL'Monster's Ball
58.3%
'TOR'The Aviator
58.2%
'TER'Twister
49.5%
'OON'Shanghai Noon
49.1%
'ALL'Total Recall
48.7%
'ING'The Sting
46.6%
'OON'High Noon
44.7%
Hint Movie % Correct
'TER'The Deer Hunter
44.2%
'ING'Trainspotting
43.6%
'ION'Christmas Vacation
42.7%
'ALL'Legends of the Fall
33%
'OON'Dog Day Afternoon
32.8%
'ALL'Thunderball
31.1%
'TOR'The Great Dictator
30.4%
'TOR'The Bone Collector
30.2%
'ION'Oblivion
25%
'OON'Moon
23.1%
'ALL'Walking Tall
21.3%
'ING'The Thing
15%
'TER'28 Days Later
12.3%
'TER'Get Carter
11.7%
'TER'The Ghost Writer
10.1%

You're not logged in!

Compare scores with friends on all Sporcle quizzes.
OR
Log In

You Might Also Like...

Show Comments

Extras

Top Quizzes Today


Score Distribution

Your Account Isn't Verified!

In order to create a playlist on Sporcle, you need to verify the email address you used during registration. Go to your Sporcle Settings to finish the process.

Report this User

Report this user for behavior that violates our Community Guidelines.

Details: